00309pab a2200121 454500008004000000100002700040245004900067260000900116300001100125362001400136650001800150773001900168180718b1983 xxu||||| |||| 00| 0 eng d aConstabulary, Cheshire aRecruit selection and the problem of wastage c1983 a319-23 aOct.-Dec. aPolice - U.K. aPolice Journal